Kamaraj; (Record no. 74356)

MARC details
000 -LEADER
fixed length control field 00608cam a22002171 4500
001 - CONTROL NUMBER
control field sa 67004278
003 - CONTROL NUMBER IDENTIFIER
control field DLC
005 - DATE AND TIME OF LATEST TRANSACTION
control field 20260227112345.0
008 - FIXED-LENGTH DATA ELEMENTS--GENERAL INFORMATION
fixed length control field 790105s1966 ii ac 000 0 eng
010 ## - LIBRARY OF CONGRESS CONTROL NUMBER
LC control number sa 67004278
025 ## - OVERSEAS ACQUISITION NUMBER
Overseas acquisition number PL480:I-E-8038
035 ## - SYSTEM CONTROL NUMBER
System control number (OCoLC)4522044
040 ## - CATALOGING SOURCE
Original cataloging agency DLC
Transcribing agency OAkU
Modifying agency DLC
042 ## - AUTHENTICATION CODE
Authentication code premarc
050 00 - LIBRARY OF CONGRESS CALL NUMBER
Classification number DS481.K27
Item number S9
100 1# - MAIN ENTRY--PERSONAL NAME
Personal name Subbaraman, P. S.
245 10 - TITLE STATEMENT
Title Kamaraj;
Remainder of title symbol of Indian democracy
Statement of responsibility, etc. [by] P. S. Subbaraman.
260 ## - PUBLICATION, DISTRIBUTION, ETC.
Place of publication, distribution, etc. [Bombay]
Name of publisher, distributor, etc. Popular Prakashan
Date of publication, distribution, etc. [1966]
300 ## - PHYSICAL DESCRIPTION
Extent 47 p.
Other physical details illus., ports.
Dimensions 25 cm.
600 10 - SUBJECT ADDED ENTRY--PERSONAL NAME
Personal name Kamaraj, Kumaraswami,
Dates associated with a name 1903-

No items available.

Powered by Koha